Retribuciones de los funcionarios locales / por la Redacción de El Consultor de los Ayuntamientos
ISBN:
84-7052-144-4
Descripción Física:
517 p. ; 24 cm + 1 fulletó
Colección:
Publicaciones Abella
MARC
| LEADER | 00000nam a2200000Ia 4500 | ||
|---|---|---|---|
| 001 | 17359 | ||
| 008 | 160829s1984 xx 000 0 cat d | ||
| 020 | |a 84-7052-144-4 | ||
| 080 | |a D-3-85 | ||
| 245 | |a Retribuciones de los funcionarios locales / por la Redacción de El Consultor de los Ayuntamientos | ||
| 260 | |a Madrid : |b El Consultor de los Ayuntamientos y de los Juzgados, |c 1984 | ||
| 300 | |a 517 p. ; |c 24 cm + 1 fulletó | ||
| 490 | |a Publicaciones Abella | ||
| 650 | |a Funcionaris i empleats municipals |x Espanya |9 22761 | ||
| 710 | 2 | |a Consultor de los Ayuntamiento y de los Juzgados |e entitat autora |9 55140 | |
| 901 | |a Arxiu | ||
| 942 | |n 1 |2 udc | ||
| 952 | |0 1 |1 0 |2 udc |4 0 |5 2 |6 D385 |7 1 |9 42318 |a Arxiu |b Arxiu |d 2016-12-01 |l 0 |o D-3-85 |p 17359 |r 2016-12-01 00:00:00 |w 2016-12-01 |y ARXIU | ||
| 999 | |c 44796 |d 44796 | ||